[Event "Cammeray Norths op"]
[Site "Cammeray"]
[Date "2011.01.02"]
[Round "1"]
[White "Shi, Dawen"]
[Black "Redgrave, Andrew"]
[Result "1/2-1/2"]
[WhiteElo "1701"]
[BlackElo "1295"]
[PlyCount "107"]
[EventDate "2011.01.02"]
[EventType "swiss"]
[EventRounds "7"]
[EventCountry "AUS"]
[SourceTitle "EXT 2013"]
[Source "ChessBase"]
[SourceDate "2012.11.22"]
[SourceVersion "1"]
[SourceVersionDate "2012.11.22"]
[SourceQuality "1"]

1. Nf3 Nf6 2. g3 d5 3. Bg2 c5 4. 0-0 Nc6 5. d3 e5 6. Nbd2 Be7 7. e4 d4 8. Nc4 Qc7 9. a4 0-0 10. Nh4 Re8 11. Nf5 Bf8 12. Bg5 Nd7 13. f4 f6 14. Qh5 fxg5 15. Qxe8 Nf6 16. Ne7+ Nxe7 17. Qb5 Bd7 18. Qb3 Be6 19. fxg5 Ng4 20. Bh3 Kh8 21. Bxg4 Bxg4 22. Nd2 Nc6 23. Nf3 Be7 24. g6 Qd7 25. gxh7 Be6 26. c4 Kxh7 27. Qc2 Bf6 28. Qd2 Qe7 29. h4 Bg4 30. Ng5+ Kg8 31. Kg2 Nd8 32. Rab1 a5 33. Rf2 Ne6 34. Nxe6 Qxe6 35. Rh1 Qe7 36. Rhf1 Kf7 37. Qg5 Qe6 38. Rh1 Ke7 39. Qd2 b6 40. Kf1 Rh8 41. Rhh2 Bh5 42. Rf5 g6 43. Rff2 Qg4 44. Rhg2 Qd1+ 45. Qxd1 Bxd1 46. Ke1 Bxa4 47. Rf3 b5 48. Rgf2 Rf8 49. cxb5 Bxb5 50. Kd2 Ba4 51. Kc1 Bg7 52. Rxf8 Bxf8 53. g4 Bb5 54. Kc2 1/2-1/2